000 00921nam a2200241 a 4500
001 48699
003 BD-RjUL
005 20211209054553.0
008 160816s1968 bg ||||| |||| 00| 0 ben d
035 _a(BD-RjUL)48818
040 _aBD-RjUL
_bben
_cBD-RjUL
041 _aben
082 _223
_a491.3
_bBAM 1968
100 _aবড়ুয়া, রবীন্দ্র বিজয়
_9146985
245 1 0 _aমধ্যভারতীয় আর্যভাষা সংকলন /
_cরবীন্দ্র বিজয় বড়ুয়া
250 _a২য় সং.
260 _aঢাকা :
_bবাংলা বিভাগ, ঢা. বি.
_c১৯৬৬
300 _a[ধ],১১৮ পৃ.;
_c২১ সেমি.
504 _aগ্রন্থপঞ্জি সংযুক্ত
650 _aআর্যভাষা
_9137273
650 _aAryan Language
_9137274
942 _2ddc
_cBK
999 _c48699
_d48699